| 000 | 00541nam a22001937a 4500 | ||
|---|---|---|---|
| 003 | 0 | ||
| 005 | 20231129083813.0 | ||
| 008 | 231129b xxu||||| |||| 00| 0 eng d | ||
| 020 | _a978-971-518-500-4 | ||
| 050 |
_aCL _bCol714 2011 |
||
| 082 |
_aCL _bCol714 2011 |
||
| 100 | _aCollodi, Carlo | ||
| 245 |
_aPinocchio _cCarlo Collodi |
||
| 260 |
_aManila _bLampara Publishing House, Inc. _cc2011. |
||
| 300 |
_a126 pages : _bcolored illustrations ; _c20 cm. |
||
| 504 | _aIncludes glossary. | ||
| 650 | _aClassic books. | ||
| 942 |
_2ddc _cBK |
||
| 999 |
_c365686 _d365686 |
||